Štúdium materiálovej recyklácie biodegradovateľných polymérnych zmesí na báze PLA/PHB obsahujúcich termoplastický škrob
Uložené v:
| Hlavný autor: | |
|---|---|
| Ďalší autori: | |
| Médium: | Rukopis Kniha |
| Jazyk: | Slovak |
| Vydavateľské údaje: |
2022
|
| Predmet: | |
| On-line prístup: | http://is.stuba.sk/zp/portal_zp.pl?podrobnosti=163752 |
| Tagy: |
Žiadne tagy, Buďte prvý, kto otaguje tento záznam!
|
MARC
| LEADER | 00000ntm a22000003a 4500 | ||
|---|---|---|---|
| 001 | stuzp88957 | ||
| 003 | SK-STU | ||
| 005 | 20220604210332.4 | ||
| 007 | ta | ||
| 008 | 150427s2015----xo-----f-mn---000-0-slo-d | ||
| 040 | |a STU |b slo | ||
| 041 | 0 | |a slo | |
| 100 | 1 | |a Hrbíková, Miroslava |u 049370 |4 aut |U FCHPT Ústav prírodných a syntetických polymérov |T FCHPT Oddelenie plastov, kaučuku a vlákien |X 88474 |U C9370 |Y 128 |7 88474 | |
| 242 | 0 | 1 | |a The Study of Material Recycling of Biodegradable Polymer Blends based on PLA and PHB Containing Thermoplastic Starch |y eng |
| 245 | 1 | 0 | |a Štúdium materiálovej recyklácie biodegradovateľných polymérnych zmesí na báze PLA/PHB obsahujúcich termoplastický škrob |
| 260 | |c 2022 | ||
| 650 | 4 | |a biodegradovateľná polymérna zmes |2 slo | |
| 650 | 4 | |a materiálová recyklácia |2 slo | |
| 650 | 4 | |a termoplastický škrob |2 slo | |
| 650 | 4 | |a biodegradable polymer blend |2 eng | |
| 650 | 4 | |a thermoplastic starch |2 eng | |
| 650 | 4 | |a material recycling |2 eng | |
| 700 | 1 | |a Plavec, Roderik |u 049370 |k Z2 |4 ths |U FCHPT Ústav prírodných a syntetických polymérov |T FCHPT Oddelenie plastov, kaučuku a vlákien |X 26421 |U C9370 |Y 128 |7 A000026421 | |
| 856 | 4 | |u http://is.stuba.sk/zp/portal_zp.pl?podrobnosti=163752 | |